<Das> Europäische Parlament
Salvato in:
| Natura: | Libro |
|---|---|
| Lingua: | tedesco |
| Pubblicazione: |
Luxembourg
Amt für amtliche Veröffentlichungen der Europäischen Gemeinschaften
2002
|
| Soggetti: | |
| Tags: |
Nessun Tag, puoi essere il primo ad aggiungerne!!
|
MARC
| LEADER | 00000nam$a2200000$$$4500 | ||
|---|---|---|---|
| 001 | 0024307 | ||
| 005 | 20221129100914.5 | ||
| 041 | 0 | |a ger | |
| 245 | 1 | 0 | |a <Das> Europäische Parlament |
| 264 | 1 | |a Luxembourg |b Amt für amtliche Veröffentlichungen der Europäischen Gemeinschaften |c 2002 | |
| 300 | |a 43 s. | ||
| 610 | 2 | 0 | |a integrácia ekonomická medzinárodná |
| 610 | 2 | 0 | |a parlamenty |
| 610 | 2 | 0 | |a Európsky parlament |
| 610 | 2 | 0 | |a poslanci |
| 610 | 2 | 0 | |a prezidenti |
| 610 | 2 | 0 | |a politika zahraničná |
| 610 | 2 | 0 | |a zmluvy medzinárodné |
| 610 | 2 | 0 | |a dohody medzinárodné |
| 610 | 2 | 0 | |a politika bezpečnostná |
| 610 | 2 | 0 | |a práva ľudské |
| 610 | 2 | 0 | |a únie menové |
| 610 | 2 | 0 | |a zákony |
| 610 | 2 | 0 | |a Európa |
| 610 | 2 | 0 | |a Rada Európy |
| 610 | 2 | 0 | |a Európska únia |